Culture générale : La géographie de la France - Statistiques

Statistiques générales
  • Ce quiz a été pris 1 223 fois
    1 124 depuis la dernière actualisation
  • Le résultat moyen est 11 sur 15
Statistiques - réponses
Question Réponse % Correct
Chaîne de montagne qui sépare l'Espagne de la France : Les Pyrénées
99%
Mer qui sépare la France de l'Angleterre : La Manche
98%
Deux spécialités culinaires françaises : La baguette et le pot au feu
97%
Monument le plus haut de France : La Tour Eiffel
96%
Rue de Paris qui coûte le plus cher au Monopoly est : La Rue de la paix
94%
Chaîne de montagnes au centre de la France : Le Massif Central
93%
Quelle est la forme géométrique de la France ? Un hexagone
92%
La population française compte environ 67 millions d'habitants
90%
La diagonale du vide s'étend Des Ardennes aux Pyrénées
76%
Port pouvant accueillir le plus de porte-conteneurs : Le Havre
70%
Nombre de départements : 101
66%
Deux adjectifs qui qualifient la France : Belle et douce
48%
Nombre de régions : 18
47%
Fleuve le plus navigable de France : La Seine
46%
Le fleuve le plus long : Le Rhin
17%
Aucun quiz correspondant
Distribution des résultats
% des personnes avec chaque résultat
Percentile par nombre de réponses
Votre historique - résultats
Vous n’avez pas pris ce quiz depuis la dernière actualisation